Random 10 Baby Animal Names - Statistics

General Stats
  • This quiz has been taken 36 times
  • The average score is 4 of 10
Answer Stats
Animal Young Name % Correct
Lion Cub
100%
Panda Cub
100%
Deer Fawn
100%
Cat Kitten
100%
Sheep Lamb
100%
Pig Piglet
100%
Dog Puppy
100%
Butterfly Catterpillar
80%
Camel Calf
75%
Whale Calf
75%
Chicken Chick
75%
Tiger Cub
67%
Leopard Cub
57%
Swan Cygnet
50%
Owl Owlet
50%
Wolf Pup
50%
Rabbit Kit
40%
Badger Cub
33%
Fish Fry
33%
Bee Larva
33%
Ferret Kit
25%
Alpaca Cria
20%
Eel Elver
17%
Hawk Eyas
17%
Baboon Infant
17%
Rat Pup
17%
Antelope Calf
0%
Penguin Chick
0%
Zebra Colt
0%
Alligator Hatchling
0%
Monkey Infant
0%
Mouse Pup
0%
Shark Pup
0%
Spider Spiderling
0%
No matching quizzes found
Score Distribution
Percent of People with Each Score
Percentile by Number Answered
Your Score History
You have not taken this quiz